Flags in a Star Storm - Statistics

General Stats
  • This quiz has been taken 634 times
  • The average score is 11 of 12
Answers on the Map
Answers color-coded by a green-red scale on the quiz's map according to % correct below.
 
Answer Stats
Flags % Correct
Brazil
99%
Canada
97%
France
97%
Sweden
97%
China
96%
Egypt
92%
Japan
92%
Romania
92%
Chile
89%
South Africa
88%
Australia
84%
Guatemala
71%
No matching quizzes found
Score Distribution
Percent of People with Each Score
Percentile by Number Answered
Your Score History
You have not taken this quiz